000 00861nam a2200253Ia 4500
001 11039
003 GE_BSU
008 181216s||||||||xx |||||||||||||| ||und||
020 _a9785774905041
040 _cGE_BSU
080 _a336.6
100 _aЧетыркин,Е.М.
245 _aФинансовые риски.
245 _bНауч.пособие.
245 _cГл.ред.Ю.В.Луизо,Ред.Т.С.Шарфумова-Сменцовская;Худ.В.П.Коршунов.
260 _aМосква
260 _bДело АНХ.
260 _c2008.
300 _a176стр,21см.
520 _aАкад.Нар. Хозяйства при правительстве РФ.Институт Мировой экон. и межд.отношений РАН.
541 _h22Л.
653 _aФинансовые риски.
942 _cBK
999 _c44281
_d44281